000 00509nam a2200169 4500
001 117432
003 ES-MaACL
005 20230906190913.0
007 t|
008 070214s1972 sp r ||||1| spa d
245 0 4 _aLos pequeños grupos en la iglesia /
_cCarlo Molari [et. al.] ; traducción de José M. Pérez.
260 _aSalamanca :
_bSígueme,
_c1972.
300 _a99 p. ;
_c19 cm.
700 1 _aMolari, Carlo.
_981842
700 1 _aPérez, José M.
_990588
852 _aES-MaACL
_jC-50157
_bR.81235
999 _c117432
_d117432